| 000 -ლიდერი |
| ფიქსირებული სიგრძის საკონტროლო ველი |
01426nam a22002297a 4500 |
| 003 - საკონტროლო ნომრის იდენტიფიკატორი |
| საკონტროლო ველი |
Ge_BSU |
| 005 - ბოლო ოპერაციის თარიღი და დრო |
| საკონტროლო ველი |
20240326103444.0 |
| 008 - ფიქსირებული სიგრძის მონაცემთა ელემენტები - ზოგადი ინფორმაცია |
| ფიქსირებული სიგრძის საკონტროლო ველი |
240326s2008 ge ||||| |||| 00| 0 geo d |
| 020 ## - წიგნის საერთაშორისო სტანდარტული ნომერი |
| International Standard Book Number |
9994023950 |
| 041 ## - ენის კოდი |
| Language code of text/sound track or separate title |
geo |
| 080 ## - უნივერსალური ათობითი კლასიფიკაციის ინდექსი |
| Universal Decimal Classification number |
008(09) კ-83 |
| 245 ## - ცნობა სათაურის შესახებ |
| Title |
კულტურის ისტორიისა და თეორიის საკითხები : ებრაული კრებული = The qiestion of the histori and theory of culture : |
| Remainder of title |
ტ. XXIV / |
| Statement of responsibility, etc |
მთ. რედგ. ლორთქიფანიძე ; ტომის რედ. რ. ბურჭულაძე |
| 264 ## - წარმოების, გამოცემის, დისტრიბუციის და სხვა ცნობები |
| გამოცემის, წარმოების, დისტრიბუციის... ადგილი |
თბილისი : |
| გამოცემის, წარმოების, დისტრიბუციის... სახელწოდება |
ხირონი, |
| გამოცემის, წარმოების, დისტრიბუციის... თარიღი |
2008. |
| 300 ## - ფიზიკური აღწერა |
| Extent |
136 გვ.: |
| Other physical details |
ილ. |
| 504 ## - BIBLIOGRAPHY, ETC. NOTE |
| Bibliography, etc |
ბიბლიოგრაფია: გვ.11, გვ.16. |
| 653 ## - INDEX TERM--UNCONTROLLED |
| Uncontrolled term |
ებრაული კულტურის ისტორია. |
| 653 ## - INDEX TERM--UNCONTROLLED |
| Uncontrolled term |
კრებული. |
| 700 ## - ADDED ENTRY--PERSONAL NAME |
| Personal name |
ლორთქიფანიძე, გ |
| Relator term |
მთავარი რედაქტორი |
| 9 (RLIN) |
1484 |
| 700 ## - ADDED ENTRY--PERSONAL NAME |
| Personal name |
ბურჭულაძე, რ |
| Relator term |
რედაქტორი ტომის |
| 9 (RLIN) |
21582 |
| 710 ## - ADDED ENTRY--CORPORATE NAME |
| Corporate name or jurisdiction name as entry element |
ივანე ჯავახიშვილის თბილისის სახელმწიფო უნივერსიტეტი, ებრაული კულტურისა და იუდაიკის კაბინეტი |
| 9 (RLIN) |
21583 |
| 942 ## - ADDED ENTRY ELEMENTS (KOHA) |
| Source of classification or shelving scheme |
|
| Koha item type |
წიგნი |